000 00703nam a2200193Ia 4500
008 151121s9999||||xx |||||||||||||| ||und||
082 _a108/सहस्त्र
082 _bHNW-61445
100 _aसहस्त्रबुध्दे प्र। ग।-अनु।
245 _aअमृतवाणी
260 _b"रामकृष्ण मठ, नागपूर।"
260 _c--
300 _a294
600 _aसहस्त्रबुध्दे प्र। ग।-अनु।
630 _aअमृतवाणी
700 _aसहस्त्रबुध्दे प्र। ग।-अनु।
730 _aअमृतवाणी
942 _cBOOK
999 _c1242991
_d1242988